Elektromobilita na Slovensku diplomová práca

Salvato in:
Dettagli Bibliografici
Autore principale: Petrakovičová, Silvia
Ente Autore: Obchodná fakulta EU. Katedra marketingu
Altri autori: Drábik, Peter, 1981-
Natura: Libro
Lingua:slovacco
Pubblicazione: Bratislava 2018
Tags: Aggiungi Tag
Nessun Tag, puoi essere il primo ad aggiungerne!!

MARC

LEADER 00000nbm a2200000 4500
001 0243217
005 20180817114849.9
041 0 |a slo 
044 |a SK 
245 1 0 |a Elektromobilita na Slovensku  |b diplomová práca  |c Silvia Petrakovičová ; školiteľ: Peter Drábik 
264 1 |a Bratislava  |c 2018 
300 |a 77 s. 
100 1 |a Petrakovičová, Silvia 
700 1 |a Drábik, Peter, 1981- 
710 2 |a Obchodná fakulta EU. Katedra marketingu